ELEMENTS OF ELECTRICAL POWER STATION DESIGN (Record no. 8197)
[ view plain ]
| 000 -LEADER | |
|---|---|
| fixed length control field | 00456nam a22001577a 4500 |
| 003 - CONTROL NUMBER IDENTIFIER | |
| control field | SGT |
| 020 ## - INTERNATIONAL STANDARD BOOK NUMBER | |
| International Standard Book Number | 9788120336476 |
| 082 ## - DEWEY DECIMAL CLASSIFICATION NUMBER | |
| Classification number | 621.3 |
| 100 ## - MAIN ENTRY--PERSONAL NAME | |
| Personal name | DESPANDE,M.V. |
| 245 ## - TITLE STATEMENT | |
| Title | ELEMENTS OF ELECTRICAL POWER STATION DESIGN |
| 260 ## - PUBLICATION, DISTRIBUTION, ETC. (IMPRINT) | |
| Place of publication, distribution, etc | NEW DELHI |
| Name of publisher, distributor, etc | PHI |
| Year of Publication | 2015 |
| 300 ## - PAGE DESCRIPTION | |
| No. of Pages | 438 |
| 650 ## - SUBJECT ADDED ENTRY--TOPICAL TERM | |
| Topical term or geographic name as entry element | ELECTRICAL ENGINEERING |
| 653 ## - KEYWORDS--INDEX TERM | |
| Keyword term | POWER STATION,GAS TURBINE AND COMBINED CYCLES, NUCLEAR STATIONS,DIESEL,STEAM, GAS TURBINE-ELECTRICAL STATION |
| 942 ## - ADDED ENTRY ELEMENTS (KOHA) | |
| Source of classification or shelving scheme | Dewey Decimal Classification |
| Koha item type | Books |
| Withdrawn status | Lost status | Source of classification or shelving scheme | Damaged status | Not for loan | Home library | Current library | Date acquired | Vendor Name | Cost, normal purchase price | SGTU | Bill Number | Total Checkouts | Full call number | Accession No. (Barcode) | Date last seen | Bill Date | Koha item type |
|---|---|---|---|---|---|---|---|---|---|---|---|---|---|---|---|---|---|
| Dewey Decimal Classification | SGT Engineering Library | SGT Engineering Library | 25/12/2015 | kIRTI PRAKASHAN | 395.00 | SGTU | 2364 | 621.3 | FE6386 | 25/12/2015 | Books | ||||||
| Dewey Decimal Classification | SGT Engineering Library | SGT Engineering Library | 25/12/2015 | kIRTI PRAKASHAN | 395.00 | SGTU | 2364 | 621.3 | FE6387 | 25/12/2015 | Books | ||||||
| Dewey Decimal Classification | SGT Engineering Library | SGT Engineering Library | 25/12/2015 | kIRTI PRAKASHAN | 395.00 | SGTU | 2364 | 621.3 | FE6388 | 25/12/2015 | Books | ||||||
| Dewey Decimal Classification | SGT Engineering Library | SGT Engineering Library | 25/12/2015 | kIRTI PRAKASHAN | 395.00 | SGTU | 2364 | 621.3 | FE6389 | 25/12/2015 | Books | ||||||
| Dewey Decimal Classification | SGT Engineering Library | SGT Engineering Library | 25/12/2015 | kIRTI PRAKASHAN | 395.00 | SGTU | 2364 | 621.3 | FE6390 | 25/12/2015 | Books |